[Event "Frederikssund Weekend G3 2nd"]
[Site "Frederikssund"]
[Date "2004.09.24"]
[Round "1"]
[White "Vehl, Tina"]
[Black "Larsen, Alexander Israel"]
[Result "1-0"]
[WhiteElo "1357"]
[BlackElo "1000"]
[PlyCount "77"]
[EventDate "2004.09.24"]
[EventType "tourn"]
[EventRounds "5"]
[EventCountry "DEN"]
[SourceTitle "EXT 2023"]
[Source "ChessBase"]
[SourceDate "2022.10.05"]
[SourceVersion "1"]
[SourceVersionDate "2022.10.05"]
[SourceQuality "1"]

1. d4 d5 2. Nf3 e6 3. Nbd2 f5 4. Ne5 Bd6 5. Ndf3 Nf6 6. Bg5 h6 7. Bxf6 Qxf6 8. e3 Nc6 9. Bb5 a6 10. Bxc6+ bxc6 11. Nxc6 Bb7 12. Nce5 0-0 13. Nd7 Qe7 14. Nxf8 Qxf8 15. c3 g5 16. Qa4 a5 17. Qd7 Bc8 18. Qc6 Ra6 19. Qa4 Qf7 20. Qd1 Bd7 21. a4 g4 22. Nd2 Rb6 23. Qc2 Qe8 24. 0-0 Qh5 25. g3 e5 26. Rfc1 exd4 27. cxd4 Rc6 28. Qb3 Rxc1+ 29. Rxc1 f4 30. exf4 Qh3 31. Qxd5+ Kh7 32. Qf7+ Kh8 33. Qxd7 Qh5 34. Re1 Qg6 35. Re8+ Qg8 36. Rxg8+ Kxg8 37. Ne4 Bf8 38. Nf6+ Kh8 39. Qh7# 1-0